| 000 | 00487nam a2200181Ia 4500 | ||
|---|---|---|---|
| 001 | 9332 | ||
| 005 | 20260306161710.0 | ||
| 008 | 260306t2005||||xx |||||||||||||| ||spa|| | ||
| 041 | _aESP | ||
| 082 |
_a378.101 _bS38 |
||
| 100 |
_aRoversi-Monaco, Fabio _eAUT |
||
| 245 | 0 |
_aLa gestión de la autonomía universitaria: _blos cambios en los paradigmas de la investigación universitaria |
|
| 260 | _c2005 | ||
| 300 |
_a _c |
||
| 650 | _aGEN | ||
| 654 | _aCED | ||
| 942 |
_cLIB _dJUS _fJUS _2ddc _n |
||
| 999 |
_c9332 _d9332 |
||